[Event "Kislovodsk Plaza op"]
[Site "Kislovodsk"]
[Date "2010.12.17"]
[Round "8"]
[White "Rudakov, Aleksander"]
[Black "Mkrtchian, Artak"]
[Result "1/2-1/2"]
[WhiteElo "1950"]
[BlackElo "2101"]
[PlyCount "36"]
[EventDate "2010.12.11"]
[EventType "swiss"]
[EventRounds "9"]
[EventCountry "RUS"]
[SourceTitle "EXT 2013"]
[Source "ChessBase"]
[SourceDate "2012.11.22"]
[SourceVersion "1"]
[SourceVersionDate "2012.11.22"]
[SourceQuality "1"]

1. e4 c6 2. d4 d5 3. Nc3 dxe4 4. Nxe4 Nf6 5. Nxf6+ exf6 6. Nf3 Bd6 7. Be3 0-0 8. Qd2 a5 9. Be2 Na6 10. 0-0 Nc7 11. c4 Bf5 12. b3 Re8 13. Rfd1 g5 14. Qb2 h6 15. Rac1 Be6 16. d5 cxd5 17. Bd4 Kg7 18. Bb6 Qe7 1/2-1/2

[Event "Anapa op"]
[Site "Anapa"]
[Date "2009.09.04"]
[Round "5"]
[White "Mkrtchian, Artak"]
[Black "Vinogradov, Anatoly"]
[Result "1-0"]
[WhiteElo "1764"]
[BlackElo "1909"]
[PlyCount "69"]
[EventDate "2009.08.31"]
[EventType "swiss"]
[EventRounds "9"]
[EventCountry "RUS"]
[SourceTitle "CBM 132 Extra"]
[Source "ChessBase"]
[SourceDate "2009.11.03"]
[SourceVersion "1"]
[SourceVersionDate "2009.11.03"]
[SourceQuality "1"]

1. e4 e6 2. Qe2 Be7 3. g3 b6 4. Bg2 Bb7 5. Nf3 c5 6. 0-0 d6 7. d4 Qc7 8. c4 Nd7 9. Nc3 a6 10. d5 e5 11. Ne1 0-0-0 12. f4 g6 13. Nd3 exf4 14. gxf4 Bf6 15. a4 Bxc3 16. bxc3 Re8 17. Re1 f6 18. Bh3 Kb8 19. Bxd7 Qxd7 20. e5 f5 21. Qb2 Ka7 22. Be3 a5 23. Rab1 Qd8 24. Nxc5 dxc5 25. Bxc5 Ka8 26. Qxb6 Qxb6 27. Rxb6 Nh6 28. Reb1 Rc8 29. R1b5 Ng4 30. Bd6 Ka7 31. Rxb7+ Ka8 32. Rd7 Rc7 33. Rxc7 Ne3 34. Bc5 Nxc4 35. Ra7# 1-0

[Event "Voronezh op-B"]
[Site "Voronezh"]
[Date "2008.06.20"]
[Round "9"]
[White "Grishchenko, Vladimir"]
[Black "Mkrtchian, Artak"]
[Result "1-0"]
[WhiteElo "2100"]
[BlackElo "1703"]
[PlyCount "69"]
[EventDate "2008.06.12"]
[EventType "swiss"]
[EventRounds "9"]
[EventCountry "RUS"]
[SourceTitle "CBM 125 Extra"]
[Source "ChessBase"]
[SourceDate "2008.09.01"]
[SourceVersion "1"]
[SourceVersionDate "2008.09.01"]
[SourceQuality "1"]

1. e4 c6 2. d3 d5 3. Nd2 dxe4 4. dxe4 Qc7 5. Ngf3 Bg4 6. g3 e5 7. Bg2 Bc5 8. 0-0 Nd7 9. h3 Bh5 10. c3 Ngf6 11. Qc2 Bg6 12. Nh4 0-0-0 13. b4 Be7 14. a4 Ne8 15. Nxg6 hxg6 16. Nc4 Nd6 17. Nxd6+ Qxd6 18. Be3 Kb8 19. Rfb1 Qe6 20. g4 Rh4 21. f3 Rdh8 22. Qf2 c5 23. bxc5 Qc6 24. Kh2 Nxc5 25. Rb5 Nd3 26. Qc2 Nf4 27. Bxf4 exf4 28. Rab1 b6 29. a5 Bc5 30. axb6 Bxb6 31. Qa4 Kc7 32. Qb3 Qe6 33. c4 Bf2 34. Rb7+ Kd8 35. Rd1+ 1-0

[Event "Voronezh op-B"]
[Site "Voronezh"]
[Date "2008.06.19"]
[Round "8"]
[White "Mkrtchian, Artak"]
[Black "Ajrapetian, Nikita"]
[Result "0-1"]
[WhiteElo "1703"]
[BlackElo "2079"]
[PlyCount "56"]
[EventDate "2008.06.12"]
[EventType "swiss"]
[EventRounds "9"]
[EventCountry "RUS"]
[SourceTitle "CBM 125 Extra"]
[Source "ChessBase"]
[SourceDate "2008.09.01"]
[SourceVersion "1"]
[SourceVersionDate "2008.09.01"]
[SourceQuality "1"]

1. Nf3 d5 2. b3 c5 3. Bb2 f6 4. e3 e5 5. Bb5+ Bd7 6. Bxd7+ Qxd7 7. 0-0 Nc6 8. d4 e4 9. Nfd2 cxd4 10. exd4 Bd6 11. c4 f5 12. f3 e3 13. Re1 f4 14. cxd5 Nb4 15. Ne4 Nf6 16. Ba3 Nfxd5 17. Nbd2 0-0 18. Nc4 Be7 19. Ne5 Qb5 20. Qe2 Qxe2 21. Rxe2 Rac8 22. Bxb4 Bxb4 23. a3 Bc3 24. Rd1 Bxd4 25. Nc4 Nc3 26. Nxc3 Bxc3 27. Rd3 Rfd8 28. g3 b5 0-1

[Event "Voronezh op-B"]
[Site "Voronezh"]
[Date "2008.06.14"]
[Round "3"]
[White "Manukovsky, Vladimir"]
[Black "Mkrtchian, Artak"]
[Result "1-0"]
[WhiteElo "2218"]
[BlackElo "1703"]
[PlyCount "77"]
[EventDate "2008.06.12"]
[EventType "swiss"]
[EventRounds "9"]
[EventCountry "RUS"]
[SourceTitle "CBM 125 Extra"]
[Source "ChessBase"]
[SourceDate "2008.09.01"]
[SourceVersion "1"]
[SourceVersionDate "2008.09.01"]
[SourceQuality "1"]

1. e4 c6 2. Nc3 d5 3. Nf3 dxe4 4. Nxe4 Nf6 5. Nxf6+ exf6 6. Bc4 Bd6 7. Qe2+ Qe7 8. Qxe7+ Bxe7 9. d4 Bg4 10. Be2 Nd7 11. Bf4 0-0 12. 0-0-0 Nb6 13. Rhe1 Be6 14. a3 Rfe8 15. Nd2 Nd5 16. Bg3 f5 17. h3 Bg5 18. Kb1 Bxd2 19. Rxd2 Nf6 20. f3 Nd5 21. Bd3 b5 22. Rde2 f4 23. Bf2 Re7 24. Kc1 a5 25. Kd2 h6 26. Re5 Rae8 27. c4 bxc4 28. Bxc4 Kf8 29. R1e2 f6 30. R5e4 Bf5 31. Rxe7 Rxe7 32. b3 g5 33. Bd3 Bxd3 34. Kxd3 Rxe2 35. Kxe2 a4 36. bxa4 Nc3+ 37. Kd3 Nxa4 38. d5 cxd5 39. Kd4 1-0

[Event "Voronezh op-B"]
[Site "Voronezh"]
[Date "2008.06.12"]
[Round "1"]
[White "Volk, Sergey"]
[Black "Mkrtchian, Artak"]
[Result "1-0"]
[WhiteElo "2053"]
[BlackElo "1703"]
[PlyCount "85"]
[EventDate "2008.06.12"]
[EventType "swiss"]
[EventRounds "9"]
[EventCountry "RUS"]
[SourceTitle "CBM 125 Extra"]
[Source "ChessBase"]
[SourceDate "2008.09.01"]
[SourceVersion "1"]
[SourceVersionDate "2008.09.01"]
[SourceQuality "1"]

1. Nf3 Nf6 2. c4 g6 3. g3 Bg7 4. Bg2 0-0 5. 0-0 d6 6. d4 c5 7. Nc3 Nbd7 8. b3 a6 9. Bb2 Rb8 10. dxc5 dxc5 11. Qc2 b5 12. cxb5 axb5 13. Rfd1 Qb6 14. Nd5 Nxd5 15. Rxd5 Bxb2 16. Qxb2 Nf6 17. Re5 Be6 18. Ng5 Ng4 19. Re4 Nf6 20. Re5 Ng4 21. Re4 Nf6 22. Nxe6 fxe6 23. Re3 Ng4 24. Rf3 c4 25. e3 Rxf3 26. Bxf3 Nf6 27. Rc1 Qd6 28. bxc4 bxc4 29. Qe2 Qd3 30. Rxc4 Qb1+ 31. Kg2 Rb2 32. Rc8+ Kf7 33. Qc4 Qxa2 34. Qxa2 Rxa2 35. Rc5 Rd2 36. h3 h6 37. e4 Nd7 38. Rc1 Ne5 39. Re1 Nd3 40. Re2 Rd1 41. Re3 Ne1+ 42. Kf1 Nc2+ 43. Bxd1 1-0